Concise Boswell: The life of Samuel Johnson / (Record no. 6099)
[ view plain ]
| 000 -LEADER | |
|---|---|
| fixed length control field | 00750cam a2200181ua 4500 |
| 041 ## - LANGUAGE CODE | |
| Language code of text/sound track or separate title | eng |
| 082 ## - DEWEY DECIMAL CLASSIFICATION NUMBER | |
| Classification number | 924.2 |
| Item number | BOS/CO |
| 100 ## - MAIN ENTRY--AUTHOR NAME | |
| Personal name | Boswell, James . |
| 245 ## - TITLE STATEMENT | |
| Title | Concise Boswell: The life of Samuel Johnson / |
| 260 ## - PUBLICATION, DISTRIBUTION, ETC. (IMPRINT) | |
| Place of publication | London : |
| Name of publisher | Blackie & Son Ltd. |
| 300 ## - PHYSICAL DESCRIPTION | |
| Number of Pages | 259 ; . |
| 490 0# - SERIES STATEMENT | |
| Series statement | The Minister English Texts, |
| Volume number/sequential designation | |
| 942 ## - ADDED ENTRY ELEMENTS (KOHA) | |
| Koha item type | Books |
| Withdrawn status | Lost status | Damaged status | Home library | Current library | Date acquired | Full call number | Accession Number | Koha item type |
|---|---|---|---|---|---|---|---|---|
| Withdrawn | KAUAET | Sanskrit University | 07/04/2012 | 924.2 | 11110 | Books |
